[Event "Stay Safe Play From Home 140"]
[Site "T#645950Emanuel Laske"]
[Date "2020.05.11"]
[Round "2"]
[White "Emresenar"]
[Black "matanant"]
[Result "1-0"]
[WhiteElo "1624"]
[BlackElo "1644"]
[Annotator "NA RC"]
[PlyCount "81"]
[EventDate "2020.05.11"]
[EventType "swiss (blitz)"]

1. g3 {[%emt 0:00:01]} d5 {[%emt 0:00:11]} 2. Bg2 {[%emt 0:00:00]} c5 {[%emt 0:00:00]} 3. Nf3 {[%emt 0:00:02]} Nc6 {[%emt 0:00:00]} 4. O-O {[%emt 0:00:00]} e5 {[%emt 0:00:01]} 5. b3 {[%emt 0:00:00]} e4 {[%emt 0:00:01]} 6. Ne1 {[%emt 0:00:00]} Qf6 {[%emt 0:00:02]} 7. c3 {[%emt 0:00:02]} Bd6 {[%emt 0:00:04]} 8. Bb2 {[%emt 0:00:01]} Be5 {[%emt 0:00:01]} 9. Qc2 {[%emt 0:00:01]} Qe7 {[%emt 0:00:05]} 10. d3 {[%emt 0:00:01]} f5 {[%emt 0:00:02]} 11. d4 {[%emt 0:00:03]} cxd4 {[%emt 0:00:02]} 12. cxd4 {[%emt 0:00:00]} Bf6 {[%emt 0:00:02]} 13. e3 {[%emt 0:00:02]} Be6 {[%emt 0:00:01]} 14. Nc3 {[%emt 0:00:03]} Rc8 {[%emt 0:00:00]} 15. Nb5 {[%emt 0:00:01]} a6 {[%emt 0:00:01]} 16. Ba3 {[%emt 0:00:04]} Nb4 {[%emt 0:00:04]} 17. Bxb4 {[%emt 0:00:10]} Qxb4 {[%emt 0:00:05]} 18. Qb2 {[%emt 0:00:09]} axb5 {[%emt 0:00:01]} 19. a3 {[%emt 0:00:01]} Qc3 {[%emt 0:00:01]} 20. Qxc3 {[%emt 0:00:02]} Rxc3 {[%emt 0:00:00]} 21. f4 {[%emt 0:00:01]} Rxb3 {[%emt 0:00:01]} 22. Kf2 {[%emt 0:00:01]} Be7 {[%emt 0:00:01]} 23. Nc2 {[%emt 0:00:02]} Nf6 {[%emt 0:00:00]} 24. Rab1 {[%emt 0:00:02]} Ng4+ {[%emt 0:00:00]} 25. Kg1 {[%emt 0:00:01]} Rxb1 {[%emt 0:00:01]} 26. Rxb1 {[%emt 0:00:01]} O-O {[%emt 0:00:00]} 27. Rxb5 {[%emt 0:00:01]} Rb8 {[%emt 0:00:03]} 28. Rb6 {[%emt 0:00:01]} Bf7 {[%emt 0:00:01]} 29. Nb4 {[%emt 0:00:01]} Bd8 {[%emt 0:00:00]} 30. Rb5 {[%emt 0:00:01]} Be8 {[%emt 0:00:01]} 31. Ra5 {[%emt 0:00:01]} Bc6 {[%emt 0:00:00]} 32. Ra7 {[%emt 0:00:00]} Rc8 {[%emt 0:00:02]} 33. Nxc6 {[%emt 0:00:00]} bxc6 {[%emt 0:00:01]} 34. Bh3 {[%emt 0:00:00]} c5 {[%emt 0:00:00]} 35. Bxg4 {[%emt 0:00:00]} fxg4 {[%emt 0:00:01]} 36. dxc5 {[%emt 0:00:00]} Rxc5 {[%emt 0:00:01]} 37. Ra4 {[%emt 0:00:00]} d4 {[%emt 0:00:01]} 38. Rxd4 {[%emt 0:00:00]} Rc1+ {[%emt 0:00:00]} 39. Kf2 {[%emt 0:00:00]} Bb6 {[%emt 0:00:00]} 40. Ke2 {[%emt 0:00:01]} Ba5 {[%emt 0:00:00]} 41. Rd8+ {[%emt 0:00:01] Time (Lag: Av=0.87s, max=1.3s)} 1-0

[Event "Stay Safe Play From Home 140"]
[Site "T#645950Emanuel Laske"]
[Date "2020.05.11"]
[Round "2"]
[White "Pokerpapi"]
[Black "KLIND"]
[Result "0-1"]
[WhiteElo "1480"]
[BlackElo "1890"]
[Annotator "NA RC"]
[PlyCount "60"]
[EventDate "2020.05.11"]
[EventType "swiss (blitz)"]

1. e4 {[%emt 0:00:01]} d5 {[%emt 0:00:01]} 2. exd5 {[%emt 0:00:03]} Qxd5 {[%emt 0:00:00]} 3. d4 {[%emt 0:00:01]} Qd8 {[%emt 0:00:00]} 4. Be3 {[%emt 0:00:01]} Bg4 {[%emt 0:00:03]} 5. Nf3 {[%emt 0:00:01]} Bxf3 {[%emt 0:00:02]} 6. Qxf3 {[%emt 0:00:02]} c6 {[%emt 0:00:00]} 7. Bc4 {[%emt 0:00:02]} Nf6 {[%emt 0:00:00]} 8. Bg5 {[%emt 0:00:03]} Nbd7 {[%emt 0:00:02]} 9. c3 {[%emt 0:00:05]} h6 {[%emt 0:00:02]} 10. Bf4 {[%emt 0:00:02]} g5 {[%emt 0:00:01]} 11. Bg3 {[%emt 0:00:02]} Bg7 {[%emt 0:00:00]} 12. Qe2 {[%emt 0:00:01]} O-O {[%emt 0:00:01]} 13. Nd2 {[%emt 0:00:01]} e5 {[%emt 0:00:00]} 14. dxe5 {[%emt 0:00:04]} Nd5 {[%emt 0:00:01]} 15. O-O {[%emt 0:00:04]} Re8 {[%emt 0:00:03]} 16. Bxd5 {[%emt 0:00:01]} cxd5 {[%emt 0:00:01]} 17. Qh5 {[%emt 0:00:04]} Bxe5 {[%emt 0:00:00]} 18. Bxe5 {[%emt 0:00:02]} Nxe5 {[%emt 0:00:01]} 19. Nf3 {[%emt 0:00:01]} Nxf3+ {[%emt 0:00:02]} 20. Qxf3 {[%emt 0:00:02]} Qe7 {[%emt 0:00:02]} 21. h4 {[%emt 0:00:02]} Rad8 {[%emt 0:00:03]} 22. hxg5 {[%emt 0:00:02]} Qxg5 {[%emt 0:00:01]} 23. g3 {[%emt 0:00:04]} d4 {[%emt 0:00:02]} 24. c4 {[%emt 0:00:02]} d3 {[%emt 0:00:01]} 25. Rad1 {[%emt 0:00:01]} d2 {[%emt 0:00:01]} 26. Kg2 {[%emt 0:00:01]} Qe5 {[%emt 0:00:03]} 27. Qg4+ {[%emt 0:00:03]} Qg7 {[%emt 0:00:01]} 28. Qh3 {[%emt 0:00:01]} Qxb2 {[%emt 0:00:03]} 29. Rh1 {[%emt 0:00:01]} Qg7 {[%emt 0:00:02]} 30. Qf5 {[%emt 0:00:02]} Re2 {[%emt 0:00:02] ' Zeit (Lag: Av=0.32s, max=0.6s) .} 0-1

[Event "Stay Safe Play From Home 140"]
[Site "T#645950Emanuel Laske"]
[Date "2020.05.11"]
[Round "3"]
[White "Onlyforchess"]
[Black "Little champs"]
[Result "1/2-1/2"]
[WhiteElo "2553"]
[BlackElo "2118"]
[Annotator "TA"]
[PlyCount "111"]
[EventDate "2020.05.11"]
[EventType "swiss (blitz)"]

{[%evp 9,111,104,83,82,115,58,148,79,149,155,160,139,174,127,108,105,135,119,161,129,125,129,128,72,149,145,142,0,0,-135,-95,-93,-86,-107,-118,-188,-150,-174,-83,-195,28,-208,-84,-142,-145,-112,-111,-115,-108,-195,-83,-830,-143,-141,-120,-555,-558,-643,-637,-630,-632,-615,-607,-1166,-1134,-1354,-1325,-2092,-1937,-1877,-1827,-2311,-1994,-5772,-5493,-29982,-29980,-29988,-29989,-29992,-29993,-29993,-29994,-29995,-29996,-29997,-29995,-29995,-29996,-29998,-29995,-29996,-29994,-29997,-29994,-29994,-29995,-29996,-29996,-29996,-29995,-29996,-29996,-29996]} 1. e4 c5 2. d4 d6 3. dxc5 Qa5+ 4. Nc3 Qxc5 5. Be3 Qc7 6. Nf3 {A43: Schmid Benoni.} Nf6 7. Qd2 {[#]} (7. Nb5 $16 Qd8 8. e5) 7... Bg4 $146 (7... a6 $14) ({Predecessor:} 7... g6 8. O-O-O Bg7 9. h4 h5 10. Nb5 Qd7 11. Ng5 Nc6 12. f4 a6 13. Nc3 b5 {1-0 (30) Dos Santos,M (1563)-Slobodjan,L (1821) Caioba 2018}) 8. O-O-O ({White should try} 8. e5 Bxf3 9. exd6 (9. gxf3 dxe5 10. Nb5 Qd8 $16) (9. exf6 Bc6 $16) 9... Qxd6 10. Qxd6 (10. gxf3 Qxd2+ 11. Bxd2 Nc6 $14) 10... exd6 11. gxf3) 8... Bxf3 (8... a6 $142) 9. gxf3 $16 a6 10. f4 {Hoping for e5!} e6 11. e5 dxe5 12. fxe5 Nfd7 13. f4 Nc6 14. Bg2 Bb4 15. a3 Ba5 16. Qd3 ({White should play} 16. b4 Bb6 17. Ne4) 16... Rd8 {[#]} (16... O-O-O $142) 17. Ne4 $1 {[%cal Re4d6]} O-O {...Ndxe5 would now be nice for Black.} 18. Qd6 (18. Nd6 $16) 18... Qc8 $1 $11 {White must now prevent ...Ndxe5.} 19. Kb1 (19. Qd3 $11 {keeps the balance.}) 19... Bc7 20. Qd2 {And now Nd6 would win.} Ndxe5 $1 21. Qc3 Ng6 22. Rhg1 (22. Rxd8 $17 {keeps fighting.} Rxd8 23. Rf1) 22... Rxd1+ 23. Rxd1 Rd8 (23... Bxf4 $19 {and Black stays clearly on top.} 24. Nc5 Bxe3 25. Qxe3 Rd8 26. Rxd8+ Nxd8) 24. Rg1 (24. Rxd8+ $17 Qxd8 25. Nc5 Qd1+ 26. Ka2 Nxf4 27. Bxf4 Bxf4 28. Nxb7) 24... Qd7 $2 (24... Bxf4 $19 25. Bxf4 Nxf4) 25. Bh3 $2 (25. Nc5 $11 Qc8 {[#]} 26. h4 $1 {[%mdl 512]}) 25... Qe7 (25... Nce7 $19 26. Nc5 Qc6) 26. f5 ({Better is} 26. Nc5 Bd6 27. Bg2) 26... exf5 $17 ({Much worse is} 26... Bxh2 $6 27. Bc5 $11) 27. Bxf5 {Black should prevent Bg5.} Be5 28. Qc5 Qxc5 29. Bxc5 (29. Nxc5 $17 Bxh2 30. Rh1) 29... Bd4 (29... Nh4 $19 {is more deadly.} 30. Bh3 f5) 30. h4 $2 {[%mdl 8192]} (30. Bxd4 $17 Rxd4 31. c3) 30... Bxc5 $2 (30... Bxg1 $19 {has better winning chances.} 31. Bxg1 Rd1+ {[%mdl 64] Double Attack} 32. Ka2 Rxg1) 31. Nxc5 Rd5 32. Nxb7 $2 {[%mdl 8192]} (32. Bxg6 $17 Rxc5 33. Be4) 32... Rxf5 $19 33. h5 Rxh5 34. Rd1 h6 35. Nd6 Nce5 36. Nc4 Nxc4 37. Rd8+ Kh7 38. Rc8 Nce5 39. Ka2 Rf5 40. b3 Rf2 41. Rc5 h5 42. a4 h4 {Black mates.} 43. Rc7 h3 44. b4 h2 45. b5 h1=Q 46. b6 Qc1 47. b7 Rxc2+ 48. Rxc2 Qxc2+ {[%mdl 64] Double Attack} 49. Ka3 Qc3+ 50. Ka2 Qc4+ 51. Kb2 Qb4+ 52. Kc2 Qxb7 53. Kd2 Qc6 54. Ke3 Qxa4 55. Kf2 Qb3 56. Ke2 {[%mdl 32768] Accuracy: White = 27%, Black = 45%. . An unexpected result.} 1/2-1/2

[Event "Stay Safe Play From Home 140"]
[Site "T#645950Emanuel Laske"]
[Date "2020.05.11"]
[Round "3"]
[White "Lamborghini"]
[Black "Mepe_Nika"]
[Result "0-1"]
[WhiteElo "2260"]
[BlackElo "2412"]
[Annotator "TA"]
[PlyCount "104"]
[EventDate "2020.05.11"]
[EventType "swiss (blitz)"]

{[%evp 12,104,5,6,19,-12,0,0,25,0,9,0,0,-27,0,0,0,0,5,-29,-33,-60,0,-17,-17,-23,29,-94,-83,-108,-66,-100,-67,-75,-49,-44,-52,-153,-58,-128,-135,-141,-134,-245,-241,-239,-244,-345,-363,-343,-344,-433,-358,-405,-333,-437,-405,-385,-132,-449,-414,-576,-525,-720,-654,-662,-570,-550,-532,-522,-369,-387,-370,-650,-254,-834,-565,-576,-531,-531,0,-29985,-29986,-29994,-29995,-29995,-29996,-29996,-29995,-29995,-29995,-29995,-29995,-29995,-29995]} 1. e4 e5 2. Nf3 Nc6 3. Bc4 Nf6 4. d3 Bc5 5. O-O d6 6. Bb3 O-O 7. c3 h6 {C54: Giuoco Piano: 4 c3 Nf6, main lines with 5 d4 and 5 d3.} 8. Be3 Bb6 {[#]} 9. a4 $146 ({Predecessor:} 9. Nbd2 Be6 10. Bc2 d5 11. Re1 dxe4 12. dxe4 Qe7 13. Ba4 Nd7 14. Qe2 Bxe3 15. Qxe3 {1-0 (46) Alekseev,E (2620)-Sadhwani,R (2507) Moscow 2019}) 9... Be6 {The position is equal.} 10. Nbd2 d5 (10... Bxb3 {is more complex.} 11. Qxb3 Bxe3 12. fxe3 Qd7 13. h3 a5) 11. Bxb6 axb6 12. Qe2 dxe4 13. dxe4 Bxb3 14. Nxb3 Qe7 15. Nc1 Rfd8 16. Nd3 Rd6 (16... Qe6 $15 17. Rfe1 Qc4) 17. b3 Rad8 18. Nb2 $1 Na5 (18... Qe6 $142) 19. Nc4 (19. b4 $1 $11 Nc6 20. a5) 19... Nxc4 $17 20. Qxc4 Rc6 21. Qb4 Qxb4 22. cxb4 Nxe4 23. Nxe5 Rc3 $36 {[%mdl 2048] Black is pushing.} 24. Rae1 {Black converts the advantage convincingly.} (24. f3 $15 Re8 25. fxe4 Rxe5 26. Rad1) 24... Nf6 (24... Nd2 $17 25. Rd1 Rd4) 25. Rd1 {[#]} ({White should try} 25. Rc1 $15 Nd5 26. Rxc3 Nxc3 27. g3) 25... Rxd1 $1 26. Rxd1 Rxb3 {[%mdl 4096] Endgame KRN-KRN} 27. f4 (27. b5 $17) 27... Rxb4 $19 28. Rd8+ Kh7 29. Nxf7 (29. f5 {was called for.}) 29... Rxf4 30. Ne5 Rxa4 31. h3 c5 32. Rc8 Rb4 33. Nf7 Kg6 34. Nd6 b5 $2 (34... Rd4 $19 {has better winning chances.} 35. Nb5 Rd3) 35. g4 $2 {[%mdl 8192]} (35. Rxc5 $17 {was the crucial defense.} Rb1+ 36. Kf2) 35... c4 36. Nf5 Ne4 37. Rc7 Kf6 38. Kg2 Rb2+ 39. Kf3 Ng5+ {[%mdl 64] [#] Double Attack} 40. Kg3 b4 41. h4 Rb3+ 42. Kf2 $2 (42. Kg2 Ne6 43. Rxc4) 42... Ne6 $2 (42... Nh3+ 43. Ke2 Nf4+ 44. Kf2 c3) 43. Rxb7 $2 (43. Rxc4 Ke5 44. Rc1) 43... Rb2+ 44. Ke3 {Now Rb6 and White clings on.} c3 45. Rb6 {intending Nd4.} Ke5 $2 ({Black should play} 45... c2 $19 46. Kd2 b3) 46. Nd4 $2 {[%mdl 8192]} (46. Rb5+ $11 Kf6 47. Rb6) 46... Nxd4 {Black mates.} 47. Rb5+ Nxb5 48. Kd3 Nd6 49. g5 Ne4 50. gxh6 Rd2+ 51. Kc4 gxh6 52. Kb3 h5 {Accuracy: White = 24%, Black = 50%.} 0-1

[Event "Stay Safe Play From Home 140"]
[Site "T#645950Emanuel Laske"]
[Date "2020.05.11"]
[Round "3"]
[White "Scorpio New"]
[Black "Shatarchin7"]
[Result "0-1"]
[WhiteElo "2170"]
[BlackElo "2276"]
[Annotator "TA"]
[PlyCount "139"]
[EventDate "2020.05.11"]
[EventType "swiss (blitz)"]

{[%evp 9,139,-37,18,16,24,32,41,6,14,0,-2,2,9,-7,5,-85,67,58,55,56,56,42,58,29,34,19,53,33,55,23,37,21,25,-13,11,0,31,0,0,0,11,-12,0,-37,6,-103,-52,-254,-246,-387,-382,-452,-456,-1112,-1100,-1488,-1463,-1362,-1129,-1647,-1184,-1480,-1043,-1142,-1045,-1170,-1149,-1131,-1118,-985,-926,-1050,-1026,-2850,-2818,-6507,-5461,-6519,-6158,-29958,-29962,-29962,-29968,-12370,-7316,-6307,-5402,-29982,-29979,-29979,-29979,-29982,-29983,-29983,-29984,-29984,-29985,-29986,-29987,-29987,-29988,-29989,-29990,-29991,-29971,-29966,-29972,-29972,-29973,-29973,-29965,-29973,-29972,-29971,-29963,-29962,-29964,-29953,-6233,-6079,-5989,-1491,-486,-479,-221,-29993,-29994,-29995,-29994,-29994,-29993,-29994]} 1. d3 Nf6 2. Nd2 d5 3. c3 c5 4. Qc2 {[#]} b6 $146 ({Predecessor:} 4... Nc6 5. e4 e5 6. Be2 Be7 7. Ngf3 Bg4 8. h3 Bxf3 9. Nxf3 d4 10. Bd2 Nd7 {1-0 (32) Tammarazio,S (1893)-Grasso,G (1715) Genova 2014}) 5. e4 dxe4 ({Better is} 5... e5 $15) 6. dxe4 $11 {A00: Irregular Openings.} Bb7 7. Ngf3 e6 8. g3 {White is slightly better.} Be7 9. Bg2 O-O 10. O-O Nbd7 11. a4 Qc7 12. Nc4 (12. Re1 $11 {keeps the balance.}) 12... Ba6 $2 ({Black should try} 12... Bxe4 $17 13. Qe2 Bd5) 13. Bf4 $14 Qc6 14. Nfd2 e5 15. Bg5 h6 16. Be3 Qe6 17. b3 Ng4 18. Rfe1 Nxe3 19. Rxe3 (19. Nxe3 {keeps more tension.} Nf6 20. Nd5 Rad8 21. Nc4 Bd6 22. Nce3) 19... Nf6 20. Rae1 Rfd8 21. h3 Bb7 22. Nf1 Bf8 23. Nh2 Ba6 24. Bf1 Bb7 25. Bg2 Ba6 $36 {[%mdl 2048] Black is more active.} 26. Nd2 Rd7 27. Ndf3 {[#]} (27. c4 $11) 27... Rad8 (27... c4 $1 $17 {[%cal Rc4b3]} 28. b4 Bb7) 28. Nh4 $2 {This costs White the game.} ({White should play} 28. c4 $15) 28... Rd2 $19 29. Qc1 (29. Qb1 $142) 29... Qxb3 {Threatens to win with ...Rd1.} 30. N2f3 Rd1 31. Rxd1 (31. c4 $142 Rxc1 32. Rxb3 Rxe1+ 33. Nxe1) 31... Rxd1+ (31... Qxd1+ $2 32. Re1 $19) 32. Re1 Rxc1 33. Rxc1 Qxa4 34. Rf1 Qxe4 35. Ng5 Bxf1 36. Nxe4 Bxg2 37. Nxf6+ gxf6 38. Nxg2 {[%mdl 4096] Endgame KB-KN} a5 39. Ne3 a4 40. Nc2 c4 41. Na1 a3 42. Kf1 a2 43. Ke2 Ba3 44. Kd2 Bb2 45. Nc2 a1=Q 46. Nxa1 Bxa1 47. Kc2 {[#]} Bxc3 $1 {KB-K3P} 48. f3 (48. Kxc3 b5) 48... b5 49. Kxc3 {KP-KP} Kg7 50. g4 Kg6 51. Kc2 f5 52. Kc3 fxg4 53. hxg4 Kg5 54. Kd2 Kf4 55. Ke2 b4 56. g5 b3 57. gxh6 b2 58. h7 b1=Q 59. h8=Q {KQ-KQ} Qc2+ 60. Kf1 Qd1+ 61. Kf2 Qxf3+ 62. Ke1 Qe3+ 63. Kd1 Qg1+ (63... f5 $142 64. Kc2 Kg3 65. Qg8+ Kf2 66. Qh8 f4 67. Qh2+ Kf1 68. Qh1+ Ke2 69. Qh2+ Qf2 70. Qh1 Qf3 71. Qh2+ Kf1 72. Qh8 Qb3+ 73. Kc1 Qc3+ 74. Kb1 f3 75. Ka2 f2 76. Qh4 Ke1 77. Qe4+ Kd2 78. Qg2 Qb3+ 79. Ka1 Qa3+ 80. Kb1 Qd3+ 81. Kb2 Ke1 82. Qh1+ f1=Q 83. Qh4+ Qf2+ 84. Qxf2+ Kxf2 85. Kc1 Qe2 86. Kb1 c3 87. Kc1 Qd2+ 88. Kb1 Qb2#) 64. Kc2 Qf2+ 65. Kc3 Qe1+ (65... Qd4+ $142 66. Kc2 Qd3+ 67. Kc1 f5 68. Qh6+ Kg3 69. Qg7+ Kf2) 66. Kxc4 Ke4 (66... Qe4+ $142 67. Kc5 f5) 67. Qh4+ $2 (67. Qa8+ $19 Kf4 68. Qh8) 67... Qxh4 {Black mates.} 68. Kb5 f5 69. Kc6 Qe1 70. Kd7 {Accuracy: White = 43%, Black = 76%.} 0-1

[Event "Stay Safe Play From Home 140"]
[Site "T#645950Emanuel Laske"]
[Date "2020.05.11"]
[Round "3"]
[White "Lazieri3"]
[Black "Chase the sun"]
[Result "1-0"]
[WhiteElo "2106"]
[BlackElo "1819"]
[Annotator "TA"]
[PlyCount "49"]
[EventDate "2020.05.11"]
[EventType "swiss (blitz)"]

{[%evp 17,49,-31,-12,-15,11,8,0,-49,-19,-53,-30,-33,17,0,0,0,20,0,0,0,12,0,14,0,24,0,86,95,120,103,250,244,255,236]} 1. e4 e6 2. Nc3 d5 3. Nf3 Nf6 4. e5 Nfd7 5. d4 c5 6. dxc5 Nxc5 7. Bf4 Nc6 8. Bd3 Be7 9. O-O O-O 10. Re1 {C11: French: Classical System: 4 e5 and 4 Bg5 dxe4.} f6 (10... a6 {is more complex.} 11. h3 Bd7 12. a3 Nxd3 13. Qxd3 Rc8) 11. exf6 Bxf6 12. Ne5 {The position is equal.} Nxe5 (12... Bd7 $5) 13. Bxe5 Bxe5 14. Rxe5 {[#]} Qf6 $146 ({Predecessor:} 14... Nxd3 15. Qxd3 Qb6 16. Nd1 Bd7 17. c3 Rf6 18. Qe3 Qa6 19. f4 Rxf4 20. Qxf4 Rf8 21. Qxf8+ Kxf8 {½-½ (63) Kamdar,U (2028)-Krishna Teja,N (2406) Mumbai 2017}) 15. Qe2 Nxd3 16. cxd3 Bd7 17. d4 Rac8 18. g3 a6 19. f4 b5 20. a3 a5 21. Nxb5 Bxb5 (21... Qg6 $1 $11 {remains equal.}) 22. Qxb5 $16 Rc2 23. Rae1 Qg6 (23... h6 $16 24. Qb6 Kh7) 24. Rxe6 $18 Qh5 25. R6e2 {Accuracy: White = 88%, Black = 52%.} 1-0

[Event "Stay Safe Play From Home 140"]
[Site "T#645950Emanuel Laske"]
[Date "2020.05.11"]
[Round "3"]
[White "MartinKestler"]
[Black "SoulofWolf"]
[Result "0-1"]
[WhiteElo "1951"]
[BlackElo "2194"]
[Annotator "TA"]
[PlyCount "86"]
[EventDate "2020.05.11"]
[EventType "swiss (blitz)"]

{[%evp 14,85,29,4,19,11,29,14,20,0,-3,-8,76,-3,12,13,31,22,29,11,46,41,45,41,73,36,58,27,41,15,46,37,45,50,63,65,158,72,76,70,70,70,66,67,70,77,100,66,63,0,51,20,173,54,73,0,145,43,41,-1768,-1782,-29991,-29992,-29992,-29993,-29995,-29995,-29996,-29996,-29997,-29998,-29998,-29999,-29999]} 1. Nf3 d6 2. d4 Nf6 3. b3 g6 4. Bb2 Bg7 5. g3 O-O 6. Bg2 b6 7. O-O Bb7 8. Nbd2 Nbd7 {A46: 1 d4 Nf6 2 Nf3 e6: Torre, London and Colle Systems.} 9. c4 Rb8 {[#]} 10. a3 $146 ({Predecessor:} 10. Qc2 c5 11. d5 e5 12. dxe6 fxe6 13. Bh3 Re8 14. Ng5 Nf8 15. e4 h6 16. Ngf3 {½-½ (50) Berger,H (2008)-Ager,J (2158) St Johann im Pongau 2016}) 10... Re8 {The position is equal.} 11. d5 e5 12. dxe6 Rxe6 (12... fxe6 $11 {remains equal.} 13. b4 e5) 13. Qc2 (13. Nd4 $1 $16) 13... Re8 14. Rfe1 Re7 15. Rad1 Qe8 16. e3 h6 17. Nd4 Bxg2 18. Kxg2 {Threatens to win with Nc6.} Rb7 19. Kg1 c5 20. N4f3 Ng4 21. h3 Nge5 22. Nxe5 Nxe5 23. Bxe5 Bxe5 24. Nf3 Bf6 (24... Rb8 $14) 25. Rd5 (25. Rxd6 $142 Bg7 26. Red1) 25... Rbd7 26. Red1 Re6 27. Qd3 Qe7 28. Kg2 Kg7 29. b4 Bb2 30. bxc5 bxc5 31. Qb3 ({White should try} 31. a4 $14) 31... Bf6 ({Black should play} 31... Rb7 $11 32. Qd3 Rb6) 32. Qa4 g5 $2 {[#]} (32... Rb7 $11 {and Black has nothing to worry.}) 33. Qa6 ({Better is} 33. Rxc5 $1 $18 {[%mdl 512]} Re4 (33... dxc5 34. Rxd7) 34. Rc8) 33... Bc3 34. Qa4 (34. Qc6 $142) 34... Bf6 $1 $16 {[#]} 35. Qb3 (35. Rxc5 $1 $16 {[%mdl 512]} Rc7 (35... dxc5 36. Rxd7) 36. Rxc7 Qxc7 37. Qc2) 35... Rb7 $14 36. Qc3 $2 {[%mdl 8192]} (36. Qd3 $14) 36... Bxc3 $19 37. Rxd6 Rxd6 {Black mates.} 38. Rxd6 Qxd6 39. Ne5 Qxe5 40. h4 {[#]} Rb2 $1 41. g4 Qxe3 42. hxg5 Qxf2+ 43. Kh3 Qh2# {Accuracy: White = 38%, Black = 62%.} 0-1

[Event "Stay Safe Play From Home 140"]
[Site "T#645950Emanuel Laske"]
[Date "2020.05.11"]
[Round "3"]
[White "Chesspugnator"]
[Black "Patzeroglu"]
[Result "0-1"]
[WhiteElo "1940"]
[BlackElo "1821"]
[Annotator "TA"]
[PlyCount "68"]
[EventDate "2020.05.11"]
[EventType "swiss (blitz)"]

{[%evp 15,68,29,26,0,0,-42,-26,0,0,14,42,52,27,-236,-254,-243,-250,-251,-255,-1044,-1041,-1022,-1021,-1160,-1047,-1181,-1127,-1188,-1168,-1168,-1163,-1781,-1756,-2442,-2193,-29985,-29986,-29991,-2112,-1879,-1679,-1677,-1662,-5252,-5243,-29977,-29978,-29978,-29971,-29985,-5840,-29949,0,-5664,-429]} 1. e4 e6 2. d4 d5 3. Nc3 dxe4 4. Nxe4 Nd7 5. Nf3 Ngf6 6. Bg5 Be7 7. Nxf6+ Bxf6 8. h4 c5 9. c3 {C13: French: Classical System: 4 Bg5 Be7, Alekhine-Chatard Attack.} cxd4 10. cxd4 O-O (10... h6 $5 {[%cal Rh6g5]} 11. Bd2 Nb6 $11) 11. Bd3 {[#] Black has an edge.} Nb6 $146 {[%cal Bd7b6,Bb6d5,Bd5f4,Bf4d3][%mdl 32]} ({Predecessor:} 11... e5 12. Qc2 h6 13. Bxf6 Qxf6 14. O-O exd4 15. Rfe1 Rd8 16. Re4 Nf8 17. Qd2 Ne6 {1-0 (41) Fedoseev,V (2665)-Kryakvin,D (2547) Kolomna 2016}) 12. Qe2 Nd5 13. Qe4 {[%csl Gd3][%cal Re4h7]} g6 14. h5 $2 {[%mdl 8192]} (14. Kf1 $11 {and White is okay.}) 14... Bxg5 $19 15. hxg6 fxg6 {Threatens to win with ...Rf4.} 16. Rxh7 {[%cal Re4g6]} Nf4 17. g3 $2 (17. Rh2) 17... Nxd3+ 18. Qxd3 Kxh7 19. Ke2 Kg7 20. Rh1 Bf6 21. Qe3 Rh8 22. Rxh8 Qxh8 23. Ng5 Qh5+ {[%mdl 64] [#] Double Attack} 24. Nf3 Bd7 25. Qf4 Rc8 26. Qd6 Qd5 (26... Bb5+ $142 27. Ke3 Rc2 28. Qc7+ Rxc7 29. a4 Bg5+ 30. Nxg5 Qe2+ {[%mdl 64] Double Attack} 31. Kf4 {[#]} e5+ $1 {[%mdl 512]} 32. dxe5 Rc4+ {[%mdl 64] Double Attack} 33. Ne4 Rxe4+ {[%mdl 64] Double Attack} 34. Kg5 Qh5#) 27. Qxd5 exd5 28. Nd2 Bg4+ 29. Kd3 Bg5 30. Nb3 Bf5+ 31. Ke2 Rc2+ {[%mdl 64] Double Attack} 32. Kf3 Be4+ 33. Kg4 Bf5+ (33... Be7 $142 34. f3 Bf5+ 35. Kf4 Bd6+ 36. Ke3 Bxg3 37. Nc5 Bf2+ 38. Kf4 Kf6 39. Ne4+ dxe4 40. fxe4 g5+ 41. Kf3 g4+ 42. Kf4 Rc4 43. e5+ Kg6 44. e6 Kf6 45. b3 Rxd4#) 34. Kf3 $1 Rxf2+ {Accuracy: White = 33%, Black = 87%.} (34... b6 $142 35. Kg2 Rxb2) 0-1

[Event "Stay Safe Play From Home 140"]
[Site "T#645950Emanuel Laske"]
[Date "2020.05.11"]
[Round "3"]
[White "Haxhi Baha"]
[Black "Edmatuag"]
[Result "1-0"]
[WhiteElo "1939"]
[BlackElo "1673"]
[Annotator "TA"]
[PlyCount "63"]
[EventDate "2020.05.11"]
[EventType "swiss (blitz)"]

{[%evp 13,63,25,65,67,59,14,74,26,44,-24,37,33,41,39,89,83,150,59,146,133,1481,1414,29998,995,1655,1517,1745,1571,2145,2060,3770,905,2290,1080,29983,29983,3026,2450,2383,2297,3142,2372,29995,29988,29988,29989,29983,29983,29997,29994,29998,29995]} 1. e4 c5 2. Nf3 d6 3. d4 cxd4 4. Nxd4 Nf6 5. Nc3 a6 6. f4 e6 7. Qf3 Nbd7 8. g4 {B82: Sicilian Scheveningen: 6 f4.} h6 9. Be3 Qc7 (9... g5 $11 {keeps the balance.}) 10. Bd3 {White is better.} b5 11. O-O-O (11. a3 $1 $14) 11... Bb7 (11... b4 $1 $11 12. Nce2 Bb7) 12. a3 $14 Nc5 13. Kb1 $36 {[%mdl 2048] [#] White has good play.} Nxd3 $146 ({Predecessor:} 13... d5 14. e5 Nfe4 15. Bxe4 Nxe4 16. Nxe4 dxe4 17. Qf2 Be7 18. h4 Bd5 19. g5 Qc4 {1-0 (82) Galkin,A (2587)-Kempinski,R (2498) Saint Vincent 2000}) 14. cxd3 Be7 ({Black should play} 14... Qd7) 15. h4 (15. g5 $16) 15... Nd7 (15... h5 $1 $14) 16. g5 $16 f5 $2 {[%mdl 8192] Now Black is done in.} (16... Nc5 $16 17. Qg2 hxg5) 17. Nxe6 $18 {[#] Threatening mate with Qh5+.} Qa5 18. Nxg7+ (18. Qh5+ $142 g6 19. Qxg6#) 18... Kf7 19. Nxf5 b4 {[#]} 20. g6+ $1 Kg8 (20... Kxg6 21. Qg4+) 21. Nxe7+ Kg7 22. Nf5+ Kg8 23. axb4 Qxb4 24. g7 Rh7 25. Ne7+ Kxg7 26. Rhg1+ Kh8 27. Qh5 {White threatens Ng6+ and mate.} Nf6 28. Ng6+ {White mates.} Kg7 29. Ne5+ Kf8 30. Qg6 Nxe4 31. Nxe4 Bxe4 32. dxe4 {Accuracy: White = 46%, Black = 20%.} 1-0